Statistics for You think you know APPLE INC.? (Products)

Click here to take the quiz!

General Stats

  • This quiz has been taken 101 times
  • The average score is 13 of 31

Answer Stats

HintAnswer% Correct
An iPod, internet communicator & a revolutionary ___iPhone
90%
A 1000 songs in your pocketiPod
88%
"It looks like a computer from Jetsons" (1997)iMac
79%
A clean "slate"iPad
79%
An iPhone you can't calliPod Touch
66%
Rip. Mix. BurniTunes
63%
Something's in the airMacBook Air
60%
There's no screen on itiPod Shuffle
58%
Explore the internet (or maybe the jungles?)Safari
54%
Increased the size for the first timeiPhone 5
52%
Or a band rockastarGarageBand
49%
Be a directoriMovie
49%
Something's in the air AGAINiPad Air
48%
You can't see it's pixelsiPhone 4
46%
It talks to you!iPhone 4s
41%
It decreased the sizeiPad Mini
40%
Jeff Raskin's Budget computerMacintosh
40%
For the colorfuliPhone 5c
39%
Also the daughter of SJ and Chrisann BrennanLisa
39%
Photoshop competitoriPhoto
37%
Debuted with the App StoreiPhone 3g
34%
The Power of touchiPhone 5s
34%
John Sculley's pet productNewton
28%
The Alpha ProductApple 1
26%
A LEGAL Napster/KazaaiTunes Store
20%
Apple's OS that is no moreOS 9
14%
"Set fire" to DVDsiDVD
12%
A zen cube for ProfessionalsG4 Cube
7%
Apple's "flora" (its a computer)Sunflower iMac
7%
The last product was developed from this oneSoundJam
5%
Motorola's Clone of Apple's ComputerStarMax
5%

Score Distribution

Percentile by Number Answered

Percent of People with Each Score

Your Score History

You have not taken this quiz